000 01457cam a22002657a 4500
001 BD-DhSAU 6816
003 BD-DhSAU
005 20220912154715.0
008 130121s2022 bg af b 000 0 eng
020 _a9789843527738
040 _aBD-DhSAU
082 _222
_a333.95680202
_bB 2246
110 _4বাংলাদেশ মৎস্য গবেষণা্ ্ন স্টিটিউট ,
245 1 0 _aবিপন্ন প্রওজাতির দেশিয় মাছ সংরক্ষণ ও চাষ ব্যবস্থাপনা /
_cবাংলাদেশ মৎস্য গবেষণা্ ্ন স্টিটিউট
260 _aময়মনসিংহ :
_bবাংলাদেশ মৎস্য গবেষণা্ ্ন স্টিটিউট ;
_cc2022.
300 _a ১৮০ পৃ.. :
_bচিত্র ;
_c২২ সে.মি.
500 _aমাছের বৈজ্ঞানিক নাম সম্বলিত ।
590 _aকামিম
650 _aদেশিয় মাছ- সংরক্ষণ ।
650 _aবিপন্ন প্রজাতির মাছ - চাষ ব্যবস্থাপনা ।
700 _aমাহমুদ, ্য়াহিয়া
700 _a ,্সলাম, এস, এম, শরীফুল
700 _aঝুমা, জান্নাতুল ফেরদৌস ।.
942 _2ddc
_cBOOK
999 _c16020
_d16019